Statistics for Best of British Picture Quiz #1

Click here to take the quiz!

General Stats

  • This quiz has been taken 72 times
  • The average score is 10 of 15

Answer Stats

Answer% Correct
Cricket
95%
The Beatles
95%
London Underground
94%
Mr. Bean
94%
Routemaster Bus
91%
Queen Elizabeth II
89%
Full English Breakfast
88%
Tower Bridge
77%
Mars Bar
75%
Glastonbury Festival
71%
Ben Nevis
52%
National Health Service
34%
Forth Rail Bridge
28%
Monty Python
26%
Bentley
20%

Score Distribution

Percentile by Number Answered

Percent of People with Each Score

Your Score History

You have not taken this quiz